000 01510nam a2200277Ia 4500
999 _c53834
_d53834
001 20885
003 GE_BSU
005 20210608180305.0
008 181216s ||||ge |||||||||||||| ||geo||
020 _a9992832509
040 _cGE_BSU
041 _ageo
080 _a343.133 ფ-32
100 _aფაფიაშვილი, შოთა
_93829
245 _aმასალების შემოწმება და სისხლის სამართლის საქმისა და დევნის აღძვრა /
_c შოთა ფაფიაშვილი ; რედ. ა. ფალიაშვილი.
264 _aთბილისი :
_bმერიდიანი,
_c2002.
300 _a284 გვ. ;
_c20 სმ.
541 _h15ლ.
653 _aმასალების შემოწმება და სისხლის სამართლის საქმისა და დევნის აღძვრა
653 _aსამართალი
653 _aსისხლის სამართლის საქმის აღძვრა
653 _a საქართველოს სისხლის სამართალის საპროცესო კოდექსი
653 _a სისხლის სამართლებრივი დევნის აღძვრა
700 _aფალიაშვილი, ა.
_eრედაქტორი
_94030
942 _cBK
_2udc